| 000 | 00681nam a2200229 a 4500 | ||
|---|---|---|---|
| 003 | MX-MxUPN | ||
| 005 | 20240925064717.0 | ||
| 008 | 991125t1985 mx r 000 0 spa d | ||
| 020 | _a9681620011 | ||
| 035 | _aUPN01000045281 | ||
| 040 |
_aMX-MxUPN _bspa _cMX-MxUPN |
||
| 050 | 4 |
_aPQ7104 _bL5 no.98 |
|
| 100 | 1 |
_aZaid, Gabriel _929514 |
|
| 245 | 1 | 3 |
_aLa poesía en la práctica / _cGabriel Zaid. |
| 250 | _aPrimera edición. | ||
| 260 |
_aMéxico : _bFondo de Cultura Económica : _bSecretaría de Educación Pública, _c©1985. |
||
| 300 | _a137 páginas | ||
| 490 |
_aLecturas mexicanas ; _v98 |
||
| 650 | 4 |
_aPoesía _91400 |
|
| 942 |
_2lcc _cLIBRO |
||
| 999 |
_c45281 _d45281 |
||